LIBRARY & INFORMATION CENTRE, KCAET, TAVANUR

ONLINE PUBLIC ACCESS CATALOGUE (OPAC)

Statistical Methods (Record no. 15566)

MARC details
000 -LEADER
fixed length control field 00344nam a22001457a 4500
003 - CONTROL NUMBER IDENTIFIER
control field OSt
008 - FIXED-LENGTH DATA ELEMENTS--GENERAL INFORMATION
fixed length control field 190516b ||||| |||| 00| 0 eng d
020 ## - INTERNATIONAL STANDARD BOOK NUMBER
ISBN 9789385516542
082 ## - DEWEY DECIMAL CLASSIFICATION NUMBER
Classification number 519.5
Item number SAY/ST
100 ## - MAIN ENTRY--AUTHOR NAME
Personal name Sayyed, Mujahida
245 ## - TITLE STATEMENT
Title Statistical Methods
260 ## - PUBLICATION, DISTRIBUTION, ETC. (IMPRINT)
Place of publication New Delhi
Name of publisher New India
Year of publication 2018
300 ## - PHYSICAL DESCRIPTION
Number of Pages 139 p.
942 ## - ADDED ENTRY ELEMENTS (KOHA)
Koha item type Books
Holdings
Withdrawn status Lost status Damaged status Collection code Home library Current library Shelving location Date acquired Cost, normal purchase price Full call number Accession Number Koha item type Source of acquisition
      Non-fiction KAUAET KAUAET General Stacks 16/05/2019 1495.00 519.5 SAY/ST 25775 Books  
      General Books KAUAET KAUAET Scheme 27/07/2020 1495.00 519.5 SAY/ST BB 577 Book Bank scheme for SC students Aman Book stall
free website counter